000 00603nam a2200205 4500
003 DO-SdBNP
005 20160317132506.0
008 160317b 1988 mnu xxu||||| |||| 00| 0 spa d
020 _a0821902466
040 _aBPMSU
_bspa
_cBPMSU
092 _axxxx
_bxxxx
100 1 _aBrett, Robert J.
245 1 _a¡Mucho gusto!
_cRobert J. Brett ; editor James F. Funston.
260 _aSaint Paul, Minnesota :
_bEMC Publishing,
_c1988.
300 _axiv, 402 p. :
_bil., mapas, retrs. ;
_c28 cm.
700 1 2 _aFunston, James F.,
_eed.
910 _a00260
942 _2ddc
_cBK
956 _2LOPEREZ
_310
999 _c9285
_d9285